Мониторинг состояния сварных соединений для прогнозирования остаточного ресурса магистральных нефтепроводов; Техническая диагностика и неразрушающий контроль; № 1

Xehetasun bibliografikoak
Parent link:Техническая диагностика и неразрушающий контроль: научно-технический и производственный журнал/ Национальная академия наук Украины (НАНУ), Институт электросварки им. Е. О. Патона (ИЭС) ; Международная ассоциация "Сварка".— , 1990-1993, 2001-.— 0235-3474
№ 1.— 2003.— С. 20-24
Egile nagusia: Бондаренко А. Ю.
Hizkuntza:errusiera
Argitaratua: 2003
Saila:Техническая диагностика
Gaiak:
Formatua: MixedMaterials Liburu kapitulua
KOHA link:https://koha.lib.tpu.ru/cgi-bin/koha/opac-detail.pl?biblionumber=385556

MARC

LEADER 00000naa2a2200000 4500
001 385556
005 20231101063358.0
035 |a (RuTPU)RU\TPU\prd\13455 
090 |a 385556 
100 |a 20030507a2003 k y0rusy50 ca 
101 0 |a rus 
102 |a RU 
200 1 |a Мониторинг состояния сварных соединений для прогнозирования остаточного ресурса магистральных нефтепроводов  |f А. Ю. Бондаренко 
225 1 |a Техническая диагностика 
320 |a Библиогр.: 11 назв. 
461 1 |0 (RuTPU)RU\TPU\prd\1736  |x 0235-3474  |t Техническая диагностика и неразрушающий контроль  |o научно-технический и производственный журнал  |f Национальная академия наук Украины (НАНУ), Институт электросварки им. Е. О. Патона (ИЭС) ; Международная ассоциация "Сварка"  |d 1990-1993, 2001- 
463 1 |0 (RuTPU)RU\TPU\prd\13355  |t № 1  |v С. 20-24  |d 2003 
610 1 |a мониторинг 
610 1 |a сварные соединения 
610 1 |a прогнозирование 
610 1 |a остаточный ресурс 
610 1 |a нефтепроводы 
675 |a 621.129.13  |v 3 
700 1 |a Бондаренко  |b А. Ю. 
801 1 |a RU  |b 63413507  |c 20030507  |g PSBO 
801 2 |a RU  |b 63413507  |c 20140128  |g RCR 
942 |c BK